Filmographie Leonardo Di Caprio - Statistiques

Statistiques générales
  • Ce quiz a été pris 511 fois
  • Le résultat moyen est 13 sur 31
Statistiques - réponses
Année Films % Correct
1997 Titanic
95%
2013 Le Loup de Wall Street
85%
2015 The Revenant
78%
2010 Shutter Island
77%
2010 Inception
76%
2019 Once Upon a Time in Hollywood
71%
2012 Django Unchained
62%
2002 Arrête-moi si tu peux
58%
2023 Killers of the Flower Moon
56%
2013 Gatsby le Magnifique
55%
2006 Les Infiltrés
55%
1996 Roméo + Juliette
53%
2004 Aviator
49%
2021 Don't Look Up
48%
2002 Gangs of New York
45%
2000 La Plage
45%
2006 Blood Diamond
36%
1995 Basketball Diaries
30%
2008 Les Noces rebelles
30%
1993 Gilbert Grape
29%
1998 L'Homme au masque de fer
27%
2011 J. Edgar
22%
2008 Mensonges d'État
18%
1993 Blessures secrètes
14%
1995 Mort ou vif
14%
1991 Critters 3
13%
1995 Rimbaud Verlaine
13%
1998 Celebrity
10%
1996 Simples Secrets
8%
2001 Don's Plum
7%
1992 Poison Ivy
4%
Aucun quiz correspondant
Distribution des résultats
% des personnes avec chaque résultat
Percentile par nombre de réponses
Votre historique - résultats
Vous n’avez pas pris ce quiz